Novým strašiakom je nezamestnanosť
Predpokladaná kríza nezamestnanosti. Varuje pred ňou Organizácia pre hospodársku spoluprácu a rozvoj (OECD). Miera nezamestnanosti v krajinách OECD je v súčasnosti 8,5 percenta. Ide o najhorší stav od povojnového obdobia. Vysoká nezamestnanosť je ekonomickým, ale aj sociálnym problémom. Príčiny neza...
Saved in:
| Main Author: | |
|---|---|
| Format: | Book Chapter |
| Language: | Slovak |
| Subjects: | |
| Tags: |
No Tags, Be the first to tag this record!
|
MARC
| LEADER | 00000naa$a2200000$$$4500 | ||
|---|---|---|---|
| 001 | 0104404 | ||
| 005 | 20231016085943.2 | ||
| 041 | 0 | |a slo | |
| 044 | |a SK | ||
| 245 | 1 | 0 | |a Novým strašiakom je nezamestnanosť |c Alexander Sotník |
| 520 | |a Predpokladaná kríza nezamestnanosti. Varuje pred ňou Organizácia pre hospodársku spoluprácu a rozvoj (OECD). Miera nezamestnanosti v krajinách OECD je v súčasnosti 8,5 percenta. Ide o najhorší stav od povojnového obdobia. Vysoká nezamestnanosť je ekonomickým, ale aj sociálnym problémom. Príčiny nezamestnanosti a nevyhnutnosť riešiť tento problém. | ||
| 610 | 2 | 0 | |a nezamestnanosť |
| 610 | 2 | 0 | |a miera nezamestnanosti |
| 610 | 2 | 0 | |a OECD |
| 100 | 1 | |a Sotník, Alexander | |